000 00219 a2200097 4500
001 3030
100 _aReid, D
245 _aThe oxford illus junior dictionary
260 _a
_bOxford Univ. Press
_c
090 _c2315
_d2315
942 _aNUST-CAE
_cM
_c14614
999 _c238103
_d238103